Govt. of
Madhya Pradesh

Indian Folk Tales (Record no. 63782)

MARC details
000 -LEADER
fixed length control field 00244nam a22001097a 4500
082 ## - DEWEY DECIMAL CLASSIFICATION NUMBER
Classification number 741.642
100 ## - MAIN ENTRY--AUTHOR NAME
Personal name Harit , Vikash
245 ## - TITLE STATEMENT
Title Indian Folk Tales
260 ## - PUBLICATION, DISTRIBUTION, ETC. (IMPRINT)
Place of publication Delhi
Name of publisher Kumar Pub
Year of publication 2019
650 ## - SUBJECT ADDED ENTRY--TOPICAL TERM
Topical Term Children
942 ## - ADDED ENTRY ELEMENTS (KOHA)
Koha item type Books
Holdings
Withdrawn status Lost status Damaged status Not for loan Home library Current library Date acquired Cost, normal purchase price Full call number Accession Number Price effective from Koha item type
        MACL MACL 22/10/2020 695.00 741.642 RRC000346 22/10/2020 Books